000
00286nam a2200109Ia 4500
008
220204s9999 xx 000 0 und d
082
_a
332.64635
_b
YOR
100
_a
YORKE, David
245
0
_a
Landscape and garden contracting
260
_a
London
_b
Architectural Press
_c
1976
942
_c
BK
999
_c
24447
_d
24447